| 000 | 00399nam a22001337a 4500 | ||
|---|---|---|---|
| 082 |
_a625.85 _bMIN _cL-15, P-36 |
||
| 100 |
_aMinistry of Transport _943826 |
||
| 245 |
_aBituminous materials in road construction _cMinistry of Transport |
||
| 260 |
_aUSA _bMinistry of Transport _c1962 |
||
| 300 | _axxiv, 611.p: | ||
| 526 |
_a0 _b0 _c0 _d625_850000000000000_MIN |
||
| 650 |
_aMCE _9379 |
||
| 942 |
_2ddc _cBK |
||
| 999 |
_c547737 _d547737 |
||